Statistics for Baseball trivia by burgerlover10

Click here to take the quiz!

General Stats

  • This quiz has been taken 31 times
  • The average score is 5 of 7

Answer Stats

QuestionAnswer% Correct
How much home runs does Babe Ruth have?714
93%
How much does Honus Wagners tobacco card cost?2.3 million
87%
Who has possibly the sweetest swing everKen Griffey jr
87%
Who was known as the human vacumeBrooks robinson
80%
Which baseball player recently got signed for 400 millionMike trout
47%
Who won the 2021 NL mvpBryce harper
40%
Who is the best player of all time?Jake cave
20%

Score Distribution

Percentile by Number Answered

Percent of People with Each Score

Your Score History

You have not taken this quiz